Statistics for All 1M+ Cities in Nigeria

Click here to take the quiz!

General Stats

  • This quiz has been taken 54 times
  • The average score is 7 of 12

Answer Stats

First LetterPopulation (Millions)City Name% Correct
L18.8Lagos
100%
K4.6Kano
92%
A3.4Abuja
92%
I3.5Ibadan
87%
P2.3Port Harcourt
77%
B1.6Benin City
64%
K1.8Kaduna
36%
O1.17Onitsha
36%
M1.17Maiduguri
28%
A1.12Aba
28%
J1Jos
26%
I1.04Ilorin
15%

Score Distribution

Percentile by Number Answered

Percent of People with Each Score

Your Score History

You have not taken this quiz